Modeling and analysis of eclipsing binary stars (Record no. 35943)
[ view plain ]
| 000 -LEADER | |
|---|---|
| fixed length control field | 00651 a2200205 4500 |
| 003 - CONTROL NUMBER IDENTIFIER | |
| control field | IN-BaIIA |
| 005 - DATE AND TIME OF LATEST TRANSACTION | |
| control field | 20220827105131.0 |
| 008 - FIXED-LENGTH DATA ELEMENTS--GENERAL INFORMATION | |
| fixed length control field | 220823b ||||| |||| 00| 0 eng d |
| 020 ## - INTERNATIONAL STANDARD BOOK NUMBER | |
| International Standard Book Number | 978-0-7503-1288-2 |
| 040 ## - CATALOGING SOURCE | |
| Transcribing agency | IIA LIB |
| 080 ## - UNIVERSAL DECIMAL CLASSIFICATION NUMBER | |
| Universal Decimal Classification number | 524.386/ PRA |
| 100 ## - MAIN ENTRY--PERSONAL NAME | |
| Personal name | Prsa, Andrej |
| 9 (RLIN) | 48964 |
| 245 ## - TITLE STATEMENT | |
| Title | Modeling and analysis of eclipsing binary stars |
| Remainder of title | the theory and design principles of PHOEBE |
| Statement of responsibility, etc. | Andrej Prsa |
| 260 ## - PUBLICATION, DISTRIBUTION, ETC. | |
| Place of publication, distribution, etc. | Bristol, UK |
| Name of publisher, distributor, etc. | IOP Publishing |
| Date of publication, distribution, etc. | 2018 |
| 300 ## - PHYSICAL DESCRIPTION | |
| Extent | [various pagings] |
| 490 ## - SERIES STATEMENT | |
| Series statement | AAS-IOP Astronomy |
| International Standard Serial Number | 2515-141X |
| 650 ## - SUBJECT ADDED ENTRY--TOPICAL TERM | |
| Topical term or geographic name entry element | Eclipsing binaries |
| 9 (RLIN) | 7591 |
| 650 ## - SUBJECT ADDED ENTRY--TOPICAL TERM | |
| Topical term or geographic name entry element | Eclipsing binaries-Light curves |
| 9 (RLIN) | 48973 |
| 942 ## - ADDED ENTRY ELEMENTS (KOHA) | |
| Source of classification or shelving scheme | Universal Decimal Classification |
| Koha item type | Books |
| Withdrawn status | Lost status | Source of classification or shelving scheme | Damaged status | Not for loan | Home library | Current library | Shelving location | Date acquired | Source of acquisition | Cost, normal purchase price | Total Checkouts | Full call number | Barcode | Date last seen | Date last checked out | Cost, replacement price | Price effective from | Koha item type | Purchase Price |
|---|---|---|---|---|---|---|---|---|---|---|---|---|---|---|---|---|---|---|---|
| Universal Decimal Classification | IIA Library-Bangalore | IIA Library-Bangalore | General Stacks | 20/08/2022 | 11 | 11825.55 | 1 | 524.386/ PRA | 20516 | 05/03/2026 | 05/03/2026 | 12580.08 | 20/08/2022 | Books |